Misperceived social norms: Women working outside the home in Saudi Arabia (Record no. 517258)

000 -LEADER
fixed length control field 01147nam a22001457a 4500
008 - FIXED-LENGTH DATA ELEMENTS--GENERAL INFORMATION
fixed length control field 210707b ||||| |||| 00| 0 eng d
100 ## - MAIN ENTRY--PERSONAL NAME
Personal name Bursztyn, L., Gonzalez, Alessandra L. and Drott, D.Y.
245 ## - TITLE STATEMENT
Title Misperceived social norms: Women working outside the home in Saudi Arabia
260 ## - PUBLICATION, DISTRIBUTION, ETC. (IMPRINT)
Place of publication, distribution, etc The American Economic Review
300 ## - PHYSICAL DESCRIPTION
Extent 110(10), Oct, 2020: p.2997-3029
520 ## - SUMMARY, ETC.
Summary, etc We show that the vast majority of young married men in Saudi Arabia privately support women working outside the home (WWOH) and substantially underestimate support by other similar men. Correcting these beliefs increases men's (costly) willingness to help their wives search for jobs. Months later, wives of men whose beliefs were corrected are more likely to have applied and interviewed for a job outside the home. In a recruitment experiment with a local company, randomly informing women about actual support for WWOH leads them to switch from an at-home temporary enumerator job to a higher-paying, outside-the-home version of the job. – Reproduced
773 ## - HOST ITEM ENTRY
Main entry heading The American Economic Review
906 ## - LOCAL DATA ELEMENT F, LDF (RLIN)
Subject DIP WOMEN - SAUDI ARABIA
942 ## - ADDED ENTRY ELEMENTS (KOHA)
Item type Articles
Holdings
Withdrawn status Lost status Source of classification or shelving scheme Damaged status Not for loan Permanent location Current location Date acquired Serial Enumeration / chronology Barcode Date last seen Koha item type
          Indian Institute of Public Administration Indian Institute of Public Administration 2021-07-07 110(10), Oct, 2020: p.2997-3029 AR124613 2021-07-07 Articles

Powered by Koha